000 00451nam a2200181Ia 4500
001 14067
005 20260306164847.0
008 260306t2004||||xx |||||||||||||| ||spa||
041 _aESP
082 _a006.3
_bR96 2004
100 _aRussel, Stuart J.
_eAUT
245 0 _aInteligencia artificial:
_bun enfoque moderno
260 _c2004
300 _axxiv, 1212 páginas :
_c25 cm.
650 _aGEN
654 _aCCC
942 _cLIB
_dJUS
_fJUS
_2ddc
_n
999 _c14067
_d14067